| 000 | 00613nam a2200181 i 4500 | ||
|---|---|---|---|
| 001 | 50868 | ||
| 003 | ES-MaACL | ||
| 005 | 20230906162242.0 | ||
| 007 | t| | ||
| 008 | 030807s1932 sp ||||1| spa d | ||
| 100 | 1 |
_aCurschmann, Hans. _942235 |
|
| 245 | 1 | 0 |
_aTratado de las enfermedades del sistema nervioso / _cpublicado bajo la dirección de Hans Curschmann y Franz Kramer ; traducción de la 2ª edición alemana por Ramón Sarro. |
| 260 |
_aBarcelona : _bLabor, _c1932. |
||
| 300 |
_a994 p. ; _c26 cm. |
||
| 700 | 1 |
_aKramer, Franz. _968727 |
|
| 700 | 1 |
_aSarró, Ramón. _9103872 |
|
| 852 |
_aES-MaACL _jE-1299 |
||
| 999 |
_c50868 _d50868 |
||